| 000 | 01414cam a22004217a 4500 | ||
|---|---|---|---|
| 003 | CHAP | ||
| 005 | 20220817043501.0 | ||
| 008 | 981027d1996 it r 11 eng d | ||
| 010 | _a76433 | ||
| 011 | _a77405 | ||
| 020 | _a9251039208 | ||
| 035 | _a87011 | ||
| 040 | _cCHAP | ||
| 082 | 0 | 4 |
_a338.9 _bF3 v.139 |
| 110 | 2 | _aFAO | |
| 245 | 1 | 0 |
_aPopulation pressure and management of natural resources : _bincome-sharing and labour absorption in small-scale fisheries _c/by Jean-Marie Baland and Jean-Philippe Platteau |
| 260 |
_aRome : _bFAO, _c1996. |
||
| 300 | _a62 p. | ||
| 410 | 2 | _aFAO | |
| 490 | 0 |
_aDesarrollo económico y social _v;139 |
|
| 590 |
_aBATCH-UPD _b10 _c20130110 _lUCH01 _h0420 |
||
| 590 |
_aBATCH-UPD _b10 _c20130110 _lUCH01 _h2048 |
||
| 590 |
_aBATCH-UPD _b10 _c20130410 _lUCH01 _h0054 |
||
| 590 |
_aBATCH-UPD _b10 _c20130410 _lUCH01 _h1525 |
||
| 590 |
_aBATCH-UPD _b10 _c20130914 _lUCH01 _h0525 |
||
| 590 |
_aCONVERSION _b10 _c20130109 _lUCH01 _h1342 |
||
| 650 | 1 | 4 |
_aDemografía. _931742 |
| 650 | 1 | 4 |
_aPiscicultura. _988531 |
| 650 | 1 | 4 |
_aRecursos naturales _xUtilización. _995321 |
| 700 | 0 |
_aBalan, Jean Marie. _99600 |
|
| 700 | 0 | _aPlatteau, Jean Philippe. | |
| 810 | 0 | _aFAO | |
| 830 | 0 | 0 |
_aDesarrollo económico y social _v;139 _932058 |
| 901 | _aBK | ||
| 905 | _aLilia Sánchez G. | ||
| 942 | _cLIBRO | ||
| 949 |
_a338.9 F3 v.139 _bBC _cFAO _d33724000680898 _eFAO1 _h94405 _i87011 _kDonaciØn _sb |
||
| 999 |
_c76433 _d76433 |
||